[Event "23. Erfurter Schachfestival 2013 / Haup"]
[Site "Erfurt"]
[Date "2013.12.29"]
[Round "6.5"]
[White "Muuss, Klaus"]
[Black "Joerges, Frank"]
[Result "1/2-1/2"]
[WhiteElo "2003"]
[BlackElo "1932"]
[PlyCount "94"]
[EventDate "2013.12.26"]
[EventRounds "8"]
[EventCountry "GER"]

1. e4 d5 2. exd5 Qxd5 3. Nc3 Qd6 4. d4 Nf6 5. Nf3 a6 6. g3 b5 7. Bf4 Qb6 8. Bg2
Bb7 9. O-O e6 10. Re1 Be7 11. a4 b4 12. a5 Qa7 13. Na4 Nd5 14. Qd2 Nd7 15. c4
bxc3 16. bxc3 Nxf4 17. Qxf4 Bd6 18. Qh4 Be7 19. Qf4 Bd6 20. Qg5 O-O 21. c4 h6
22. Qd2 Rab8 23. c5 Be7 24. Nc3 Nf6 25. Ne5 Bxg2 26. Kxg2 Qa8+ 27. Kg1 Rfd8 28.
Qf4 Rb4 29. Qf3 Qxf3 30. Nxf3 Rb3 31. Rec1 Bxc5 32. Nd2 Rxc3 33. Rxc3 Bxd4 34.
Nb1 Bxc3 35. Nxc3 Rd2 36. Rb1 Rc2 37. Rb8+ Kh7 38. Na4 Rc4 39. Nb2 Rc5 40. Rf8
Kg6 41. Nd3 Rxa5 42. Nf4+ Kf5 43. Rxf7 g5 44. Nh5 Kg6 45. Rxf6+ Kxh5 46. Kg2 g4
47. Rxe6 Rf5 1/2-1/2

[Event "23. Erfurter Schachfestival 2013 / Haup"]
[Site "Erfurt"]
[Date "2013.12.29"]
[Round "6.6"]
[White "Boehm, Christian"]
[Black "Hettstedt, Joerg"]
[Result "1/2-1/2"]
[WhiteElo "1925"]
[BlackElo "2052"]
[PlyCount "36"]
[EventDate "2013.12.26"]
[EventRounds "8"]
[EventCountry "GER"]

1. Nf3 d5 2. g3 Bg4 3. Bg2 Nc6 4. d4 Nf6 5. c4 e6 6. O-O Be7 7. Nc3 O-O 8. cxd5
exd5 9. Ne5 Be6 10. Nxc6 bxc6 11. Bg5 Rb8 12. b3 h6 13. Bxf6 Bxf6 14. Rc1 Bg4
15. Qd3 Re8 16. e3 Qc8 17. Na4 Bf5 18. Qc3 Re6 1/2-1/2

[Event "23. Erfurter Schachfestival 2013 / Haup"]
[Site "Erfurt"]
[Date "2013.12.29"]
[Round "6.7"]
[White "Hassler, Rolf"]
[Black "Sauer, Marko"]
[Result "0-1"]
[WhiteElo "1879"]
[BlackElo "2077"]
[PlyCount "68"]
[EventDate "2013.12.26"]
[EventRounds "8"]
[EventCountry "GER"]

1. e4 c5 2. Nc3 Nc6 3. g3 d6 4. Bg2 Nf6 5. h3 g6 6. d3 Bg7 7. Be3 a6 8. Qd2 Qc7
9. Nge2 h5 10. f4 Bd7 11. Rf1 O-O-O 12. a3 e6 13. O-O-O Ne8 14. e5 Qa5 15. Ne4
Qxd2+ 16. Rxd2 dxe5 17. Nxc5 Nd6 18. fxe5 Nxe5 19. Bg5 Rde8 20. Nxd7 Nxd7 21.
Rdd1 e5 22. Nc3 f6 23. Bd2 Nf5 24. Ne4 Kc7 25. h4 Nd4 26. Nc3 f5 27. Rde1 Nf6
28. Nd5+ Nxd5 29. Bxd5 Rhf8 30. Bb4 Rf6 31. Bd2 Nc6 32. Bc3 Rd6 33. Bxc6 Kxc6
34. Bxe5 Rxe5 0-1

[Event "23. Erfurter Schachfestival 2013 / Haup"]
[Site "Erfurt"]
[Date "2013.12.29"]
[Round "6.8"]
[White "Bohne, Alexander"]
[Black "Siebarth, Marco"]
[Result "1-0"]
[WhiteElo "1940"]
[BlackElo "2045"]
[PlyCount "29"]
[EventDate "2013.12.26"]
[EventRounds "8"]
[EventCountry "GER"]

1. e4 e5 2. Nf3 Nf6 3. Bc4 Nc6 4. Ng5 d5 5. exd5 Nxd5 6. Nxf7 Kxf7 7. Qf3+ Ke6
8. Nc3 Nce7 9. O-O c6 10. Re1 Kd6 11. d4 Kc7 12. Rxe5 Nxc3 13. Bf4 Kb6 14. Qxc3
a6 15. Qa5+ 1-0

[Event "23. Erfurter Schachfestival 2013 / Haup"]
[Site "Erfurt"]
[Date "2013.12.29"]
[Round "6.9"]
[White "Werner, Bernd-Michael"]
[Black "Jacob, Hannes"]
[Result "1-0"]
[WhiteElo "2087"]
[BlackElo "1836"]
[PlyCount "59"]
[EventDate "2013.12.26"]
[EventRounds "8"]
[EventCountry "GER"]

1. e4 e5 2. Nf3 Nc6 3. d4 exd4 4. Nxd4 Bc5 5. Be3 Qf6 6. c3 Nge7 7. Bc4 Bb6 8.
O-O Qg6 9. Nd2 Ne5 10. Be2 h5 11. f3 d6 12. Kh1 f6 13. a4 a6 14. Bg1 Qh6 15.
Nc4 Ba7 16. b4 g5 17. b5 h4 18. Rb1 N7g6 19. b6 Nxc4 20. Bxc4 Bxb6 21. Rxb6 h3
22. g3 cxb6 23. Nf5 Bxf5 24. exf5 Ne5 25. Be6 Qf8 26. Bxb6 Rh7 27. Qd5 Qe7 28.
c4 Rb8 29. Rd1 Nd7 30. Bc7 1-0

[Event "23. Erfurter Schachfestival 2013 / Haup"]
[Site "Erfurt"]
[Date "2013.12.29"]
[Round "6.10"]
[White "Maksimenko, Andrei Jr"]
[Black "Baum, Michael"]
[Result "1/2-1/2"]
[WhiteElo "1939"]
[BlackElo "1928"]
[PlyCount "114"]
[EventDate "2013.12.26"]
[EventRounds "8"]
[EventCountry "GER"]

1. e4 e6 2. Nf3 d5 3. Nc3 c5 4. exd5 exd5 5. d4 c4 6. Bg5 Be7 7. Bxe7 Nxe7 8.
Be2 Nbc6 9. O-O a6 10. a4 Rb8 11. Ne5 O-O 12. Nxc6 bxc6 13. Ra2 Nf5 14. Bg4 Qf6
15. Bxf5 Bxf5 16. b3 Rb4 17. Ne2 Rfb8 18. Nc1 cxb3 19. Nxb3 Bxc2 20. Rxc2 Rxb3
21. Qc1 Rc8 22. Re1 h6 23. Rc5 Rb4 24. Rxd5 Rxa4 25. Qc3 Ra2 26. Rf1 Rb8 27.
Re5 Rab2 28. Qd3 R2b5 29. Rxb5 axb5 30. h3 Rd8 31. Re1 g6 32. Qe3 Kg7 33. Rd1
Rd5 34. Rd2 Qe6 35. Qd3 Qd7 36. Qc3 Kh7 37. Rc2 Rxd4 38. Qxc6 Rd1+ 39. Kh2 Qxc6
40. Rxc6 Kg7 41. Rb6 Rb1 42. h4 h5 43. g3 b4 44. Kg2 b3 45. Kf3 b2 46. Kg2 Kf8
47. Rb7 Ke8 48. f4 f5 49. Kh2 Kd8 50. Kg2 Kc8 51. Rb5 Kc7 52. Rb3 Kc6 53. Rb8
Kc5 54. Rb7 Kc4 55. Rc7+ Kb5 56. Rb7+ Ka6 57. Rb8 Ka7 1/2-1/2

[Event "23. Erfurter Schachfestival 2013 / Haup"]
[Site "Erfurt"]
[Date "2013.12.29"]
[Round "7.1"]
[White "Salewski, Bernd"]
[Black "Spitzl, Vinzent"]
[Result "1/2-1/2"]
[WhiteElo "2012"]
[BlackElo "1849"]
[PlyCount "35"]
[EventDate "2013.12.26"]
[EventRounds "8"]
[EventCountry "GER"]

1. d4 d5 2. Nc3 Nf6 3. Bg5 Nbd7 4. Nf3 g6 5. Qd2 h6 6. Bf4 c6 7. Ne5 Bg7 8. f3
Nxe5 9. Bxe5 Bf5 10. g4 Bd7 11. h4 O-O 12. Bf4 h5 13. g5 Ne8 14. e4 dxe4 15.
Nxe4 Bf5 16. O-O-O Nd6 17. Nxd6 exd6 18. Qb4 1/2-1/2

[Event "23. Erfurter Schachfestival 2013 / Haup"]
[Site "Erfurt"]
[Date "2013.12.29"]
[Round "7.2"]
[White "Minor, Viatcheslav"]
[Black "Werner, Bernd-Michael"]
[Result "1/2-1/2"]
[WhiteElo "2035"]
[BlackElo "2087"]
[PlyCount "91"]
[EventDate "2013.12.26"]
[EventRounds "8"]
[EventCountry "GER"]

1. d4 Nf6 2. c4 g6 3. Nc3 Bg7 4. e4 d6 5. h3 O-O 6. Be3 b6 7. Nf3 Bb7 8. Nd2 e5
9. d5 Nfd7 10. g4 Na6 11. g5 f5 12. gxf6 Nxf6 13. h4 Nh5 14. Nf3 Nc5 15. b4 Na6
16. a3 Nf4 17. Rc1 Bc8 18. Ng5 h6 19. Bxf4 exf4 20. Ne6 Bxe6 21. dxe6 Bxc3+ 22.
Rxc3 Qf6 23. Qc2 c5 24. Bh3 Nc7 25. Rg1 Nxe6 26. Bxe6+ Qxe6 27. f3 Kh7 28. Rd3
Qf6 29. Rg4 cxb4 30. axb4 a5 31. Qd2 Rad8 32. bxa5 bxa5 33. Qxa5 Ra8 34. Qd5
Ra1+ 35. Ke2 Qb2+ 36. Rd2 Qb1 37. Rd1 Ra2+ 38. Rd2 Ra3 39. Qxd6 Re3+ 40. Kf2
Qe1+ 41. Kg2 Re2+ 42. Rxe2 Qxe2+ 43. Kg1 Qe1+ 44. Kg2 Qe2+ 45. Kg1 Qe1+ 46. Kg2
1/2-1/2

[Event "23. Erfurter Schachfestival 2013 / Haup"]
[Site "Erfurt"]
[Date "2013.12.29"]
[Round "7.4"]
[White "Wolf, Isaak"]
[Black "Boehm, Christian"]
[Result "1-0"]
[WhiteElo "2046"]
[BlackElo "1925"]
[PlyCount "121"]
[EventDate "2013.12.26"]
[EventRounds "8"]
[EventCountry "GER"]

1. e4 d5 2. exd5 Qxd5 3. Nc3 Qa5 4. d4 c6 5. Nf3 Bg4 6. Be2 e6 7. Ne5 Bxe2 8.
Qxe2 Nf6 9. Bd2 Qc7 10. f4 Be7 11. O-O-O O-O 12. g4 Nbd7 13. h4 b5 14. g5 Nd5
15. Nxd5 cxd5 16. Qxb5 Rfc8 17. Qd3 Nxe5 18. fxe5 Qc4 19. Qxc4 Rxc4 20. c3 Rac8
21. Kb1 Bd8 22. b3 R4c6 23. Rc1 Bb6 24. Kb2 Kf8 25. Rh2 Ba5 26. Be1 Ke7 27.
Rhc2 Kd7 28. Bf2 Rb8 29. c4 dxc4 30. Rxc4 Rbc8 31. a3 a6 32. Rxc6 Rxc6 33. Rc4
Ke7 34. Kc2 Kd7 35. Kd3 Bd8 36. Rxc6 Kxc6 37. Kc4 f6 38. exf6 gxf6 39. Be3 Be7
40. gxf6 Bxf6 41. Bg5 Bg7 42. h5 Bf8 43. b4 Bd6 44. Bf6 Bf4 45. a4 Bc7 46. b5+
axb5+ 47. axb5+ Kb6 48. Be5 Bd8 49. Bd6 Bf6 50. Bc5+ Kc7 51. d5 exd5+ 52. Kxd5
Bg5 53. Ke5 Bh4 54. Ke6 Bg5 55. Kf7 Bf4 56. Kg7 h6 57. Kg6 Bd2 58. Bf8 Kb6 59.
Bxh6 Bc3 60. Bg5 Kxb5 61. h6 1-0

[Event "23. Erfurter Schachfestival 2013 / Haup"]
[Site "Erfurt"]
[Date "2013.12.29"]
[Round "7.5"]
[White "Joerges, Frank"]
[Black "Voelz, Stephan"]
[Result "1-0"]
[WhiteElo "1932"]
[BlackElo "1935"]
[PlyCount "47"]
[EventDate "2013.12.26"]
[EventRounds "8"]
[EventCountry "GER"]

1. d4 Nf6 2. Nf3 d5 3. Bg5 Nbd7 4. e3 e6 5. Bd3 Be7 6. Nbd2 h6 7. Bh4 O-O 8. c3
b6 9. Qe2 Bb7 10. Bxf6 Nxf6 11. Ne5 c5 12. O-O Nd7 13. f4 Nxe5 14. fxe5 f5 15.
exf6 Bxf6 16. Qg4 Qe8 17. Nf3 g5 18. Ne5 Bxe5 19. dxe5 Qe7 20. Qh3 Qg7 21.
Qxe6+ Kh8 22. Rf6 Rxf6 23. exf6 Qf8 24. Qd7 1-0

[Event "23. Erfurter Schachfestival 2013 / Haup"]
[Site "Erfurt"]
[Date "2013.12.29"]
[Round "7.6"]
[White "Bohne, Alexander"]
[Black "Muuss, Klaus"]
[Result "0-1"]
[WhiteElo "1940"]
[BlackElo "2003"]
[PlyCount "60"]
[EventDate "2013.12.26"]
[EventRounds "8"]
[EventCountry "GER"]

1. e4 c5 2. Bc4 e6 3. Qe2 a6 4. c3 b5 5. Bb3 c4 6. Bc2 Bb7 7. Nf3 Nf6 8. e5 Nd5
9. d4 cxd3 10. Bxd3 Nc6 11. a4 b4 12. c4 Nde7 13. b3 Ng6 14. O-O Bc5 15. Nbd2
Nd4 16. Qd1 Nxf3+ 17. Nxf3 Bxf3 18. gxf3 Bd4 19. Ra2 Bxe5 20. Be3 Qh4 21. f4
Bxf4 22. Bxf4 Nxf4 23. Qf3 O-O 24. Be4 Rac8 25. Bb7 Rc5 26. Kh1 a5 27. Rd2 d5
28. Qg3 Qf6 29. Rfd1 dxc4 30. Rd4 Ne2 0-1

[Event "23. Erfurter Schachfestival 2013 / Haup"]
[Site "Erfurt"]
[Date "2013.12.29"]
[Round "7.7"]
[White "Langer, Simon"]
[Black "Poelsterl, Hans"]
[Result "0-1"]
[WhiteElo "1778"]
[BlackElo "1935"]
[PlyCount "80"]
[EventDate "2013.12.26"]
[EventRounds "8"]
[EventCountry "GER"]

1. e4 c6 2. Nc3 g6 3. d4 Bg7 4. f4 d6 5. Nf3 Nf6 6. e5 dxe5 7. fxe5 Nd5 8. Nxd5
cxd5 9. Bd3 Nc6 10. c3 O-O 11. Be3 a6 12. O-O b5 13. Qd2 Bg4 14. h3 Bxf3 15.
Rxf3 f6 16. exf6 Rxf6 17. Bf4 Qd7 18. Be2 Raf8 19. a4 b4 20. Bg3 Na5 21. Rxf6
Bxf6 22. Bg4 Qc6 23. Qe3 bxc3 24. bxc3 Rd8 25. Qe6+ Qxe6 26. Bxe6+ Kg7 27. Bc7
Nb3 28. Rb1 Nxd4 29. cxd4 Bxd4+ 30. Kh2 Rf8 31. Rd1 Be3 32. Be5+ Kh6 33. Rxd5
Rf1 34. Kg3 g5 35. Rd8 Bf2+ 36. Kg4 Re1 37. Rd5 Bd4 38. Bxd4 Rxe6 39. Kf5 Re2
40. g4 e6+ 0-1

[Event "23. Erfurter Schachfestival 2013 / Haup"]
[Site "Erfurt"]
[Date "2013.12.29"]
[Round "7.8"]
[White "Hattendorf, Jens"]
[Black "Koerber, Christian"]
[Result "1/2-1/2"]
[WhiteElo "1994"]
[BlackElo "1755"]
[PlyCount "33"]
[EventDate "2013.12.26"]
[EventRounds "8"]
[EventCountry "GER"]

1. e4 Nc6 2. d4 d5 3. Nc3 dxe4 4. d5 Ne5 5. Bf4 Ng6 6. Bg3 f5 7. h4 e5 8. h5
Nf4 9. Bh4 Be7 10. g3 g5 11. hxg6 Nxg6 12. Bxe7 Qxe7 13. d6 Qxd6 14. Qxd6 cxd6
15. Nb5 Ke7 16. O-O-O Nf6 17. Bc4 1/2-1/2

[Event "23. Erfurter Schachfestival 2013 / Haup"]
[Site "Erfurt"]
[Date "2013.12.29"]
[Round "7.10"]
[White "Schwarz, Hilmar"]
[Black "Marschner, Thomas"]
[Result "0-1"]
[WhiteElo "1908"]
[BlackElo "2027"]
[PlyCount "38"]
[EventDate "2013.12.26"]
[EventRounds "8"]
[EventCountry "GER"]

1. e4 c5 2. Nf3 Nc6 3. d4 cxd4 4. Nxd4 g6 5. Nc3 Bg7 6. Be3 Nf6 7. f3 O-O 8.
Qd2 d5 9. Nxc6 bxc6 10. O-O-O e6 11. Bg5 Qa5 12. e5 Nd7 13. f4 f6 14. exf6 Nxf6
15. Qe2 Rb8 16. Rd4 Qb6 17. Ra4 Qxb2+ 18. Kd2 Rb4 19. Rxb4 Qxb4 0-1

[Event "23. Erfurter Schachfestival 2013 / Haup"]
[Site "Erfurt"]
[Date "2013.12.30"]
[Round "8.1"]
[White "Spitzl, Vinzent"]
[Black "Wolf, Isaak"]
[Result "1/2-1/2"]
[WhiteElo "1849"]
[BlackElo "2046"]
[PlyCount "81"]
[EventDate "2013.12.26"]
[EventRounds "8"]
[EventCountry "GER"]

1. e4 e5 2. Nf3 Nc6 3. Bb5 f5 4. Nc3 fxe4 5. Nxe4 d5 6. Ng3 Bg4 7. h3 Bxf3 8.
Qxf3 Nf6 9. Qe2 Bd6 10. d4 O-O 11. Bxc6 bxc6 12. Bg5 Bb4+ 13. c3 exd4 14. O-O
dxc3 15. bxc3 Bxc3 16. Rac1 Ba5 17. Qe6+ Kh8 18. Qxc6 Bb6 19. Nh5 d4 20. Nxf6
gxf6 21. Bf4 Rf7 22. Rfe1 Rc8 23. Re6 Kg7 24. Rce1 Qd7 25. Qc1 c5 26. Bh6+ Kh8
27. Qf4 Bc7 28. Qe4 Be5 29. Rxe5 fxe5 30. Qxe5+ Kg8 31. Qg5+ Rg7 32. Bxg7 Qxg7
33. Qf5 Qc7 34. Qg5+ Qg7 35. Qf5 Qf8 36. Qe6+ Kh8 37. Re4 d3 38. Qe5+ Qg7 39.
Qd5 Rg8 40. g3 Qc3 41. Re7 1/2-1/2

[Event "23. Erfurter Schachfestival 2013 / Haup"]
[Site "Erfurt"]
[Date "2013.12.30"]
[Round "8.2"]
[White "Muuss, Klaus"]
[Black "Salewski, Bernd"]
[Result "1/2-1/2"]
[WhiteElo "2003"]
[BlackElo "2012"]
[PlyCount "73"]
[EventDate "2013.12.26"]
[EventRounds "8"]
[EventCountry "GER"]

1. e4 e6 2. d4 d5 3. Nc3 Bb4 4. e5 c5 5. a3 Bxc3+ 6. bxc3 Qc7 7. Qg4 f5 8. Qg3
cxd4 9. cxd4 Ne7 10. Bb5+ Bd7 11. Bxd7+ Nxd7 12. Qb3 Rc8 13. Ra2 Qc3+ 14. Qxc3
Rxc3 15. Ne2 Rc6 16. Bd2 Kf7 17. O-O Rhc8 18. c3 Nb6 19. Rb1 R8c7 20. Kf1 Nc4
21. Ke1 Nc8 22. Rb3 Ra6 23. Nf4 Rb6 24. Rb4 Ra6 25. Rb3 Rb6 26. Rb4 Rbc6 27.
Rb3 N8b6 28. Ne2 Na4 29. Rb4 Nab6 30. Rb3 Na5 31. Rb5 Nbc4 32. Bg5 a6 33. Rxa5
Nxa5 34. Bd8 Nc4 35. Bxc7 Rxc7 36. Kd1 Rc6 37. Kc2 1/2-1/2

[Event "23. Erfurter Schachfestival 2013 / Haup"]
[Site "Erfurt"]
[Date "2013.12.30"]
[Round "8.3"]
[White "Poelsterl, Hans"]
[Black "Minor, Viatcheslav"]
[Result "0-1"]
[WhiteElo "1935"]
[BlackElo "2035"]
[PlyCount "142"]
[EventDate "2013.12.26"]
[EventRounds "8"]
[EventCountry "GER"]

1. Nf3 d6 2. g3 h6 3. Bg2 g5 4. d3 Bg7 5. c3 e5 6. Qb3 Nc6 7. h4 g4 8. Nh2 Nf6
9. Nd2 d5 10. O-O O-O 11. e4 d4 12. c4 Qe7 13. a3 a5 14. Qd1 a4 15. Rb1 Be6 16.
b4 axb3 17. Rxb3 Na5 18. Rb5 Bd7 19. Rb1 Kh8 20. Qe1 Ba4 21. Qe2 Qe6 22. f4
gxf3 23. Qxf3 Bd7 24. Nb3 Nxb3 25. Rxb3 b6 26. Bxh6 Bxh6 27. Qxf6+ Qxf6 28.
Rxf6 Be3+ 29. Kh1 Ba4 30. Rb2 Bd7 31. Nf1 Kg7 32. Nxe3 Kxf6 33. Nd5+ Kg7 34.
Nxc7 Rxa3 35. Rd2 Rc8 36. Nd5 Rb8 37. Bf1 Ra1 38. Kg2 Rb1 39. Be2 b5 40. cxb5
Bxb5 41. Ne7 Bd7 42. Nf5+ Kg6 43. g4 f6 44. Kg3 Bb5 45. Ra2 Bd7 46. Ra7 R8b7
47. Ra8 Rb8 48. Ra7 R1b7 49. Ra6 Rb2 50. Bf3 R8b7 51. Ne7+ Kg7 52. Nd5 Bb5 53.
Rxf6 Bxd3 54. Rf5 R2b3 55. Rxe5 Be2 56. Rf5 Rf7 57. Rg5+ Kf8 58. e5 Rbxf3+ 59.
Kg2 Rf2+ 60. Kg1 Rf1+ 61. Kg2 R7f2+ 62. Kg3 Bc4 63. Nf6 Rf3+ 64. Kg2 d3 65. Rh5
R1f2+ 66. Kg1 Kf7 67. Rh7+ Ke6 68. Ne4 Rf1+ 69. Kg2 d2 70. Ng5+ Kxe5 71. Nxf3+
Rxf3 0-1

[Event "23. Erfurter Schachfestival 2013 / Haup"]
[Site "Erfurt"]
[Date "2013.12.30"]
[Round "8.4"]
[White "Petri, Wolfgang"]
[Black "Joerges, Frank"]
[Result "1-0"]
[WhiteElo "1994"]
[BlackElo "1932"]
[PlyCount "51"]
[EventDate "2013.12.26"]
[EventRounds "8"]
[EventCountry "GER"]

1. e4 d5 2. exd5 Qxd5 3. Nf3 Nf6 4. Be2 a6 5. O-O Bg4 6. d4 e6 7. c4 Qd8 8. Nc3
Be7 9. Qb3 b6 10. h3 Bh5 11. Rd1 Nbd7 12. g4 Bg6 13. Ne5 Nxe5 14. dxe5 Nd7 15.
Bf3 c5 16. Rxd7 Kxd7 17. Qa4+ b5 18. cxb5 Qb6 19. bxa6+ Kc7 20. Nb5+ Kb8 21.
a7+ Rxa7 22. Nxa7 Qxa7 23. Qb5+ Kc8 24. Be3 Qb8 25. Qa6+ Kd8 26. Qc6 1-0

[Event "23. Erfurter Schachfestival 2013 / Haup"]
[Site "Erfurt"]
[Date "2013.12.30"]
[Round "8.5"]
[White "Dannhaeuser, Kevin"]
[Black "Sauer, Marko"]
[Result "1/2-1/2"]
[WhiteElo "1773"]
[BlackElo "2077"]
[PlyCount "41"]
[EventDate "2013.12.26"]
[EventRounds "8"]
[EventCountry "GER"]

1. Nf3 d5 2. g3 Nc6 3. d4 Bg4 4. Nbd2 Nf6 5. Bg2 Qd7 6. h3 Bf5 7. c3 O-O-O 8.
b4 Ne4 9. b5 Na5 10. Nxe4 Bxe4 11. Ne5 Qe6 12. f3 Bg6 13. O-O f6 14. Nxg6 hxg6
15. e4 Qb6 16. Qe2 e5 17. Be3 exd4 18. cxd4 Bd6 19. f4 Rhe8 20. e5 Nc4 21. Bf2
1/2-1/2

[Event "23. Erfurter Schachfestival 2013 / Haup"]
[Site "Erfurt"]
[Date "2013.12.30"]
[Round "8.6"]
[White "Marschner, Thomas"]
[Black "Link, Klaus"]
[Result "1/2-1/2"]
[WhiteElo "2027"]
[BlackElo "1934"]
[PlyCount "150"]
[EventDate "2013.12.26"]
[EventRounds "8"]
[EventCountry "GER"]

1. e4 c5 2. Nc3 Nc6 3. Bb5 Nd4 4. Bc4 g6 5. Nf3 Bg7 6. Nxd4 cxd4 7. Qf3 e6 8.
Nb5 Nh6 9. Qa3 Bf8 10. Nd6+ Bxd6 11. Qxd6 Qb6 12. Qxb6 axb6 13. d3 Ng4 14. Bb5
O-O 15. h3 Ne5 16. Bh6 Re8 17. f4 Nc6 18. Kd2 Ra5 19. a4 d6 20. g4 Bd7 21. f5
Ne5 22. Bxd7 Nxd7 23. fxe6 fxe6 24. Rhf1 Re7 25. b3 Ra8 26. Rf2 Rf7 27. Raf1
Rxf2+ 28. Rxf2 Rc8 29. Bf4 e5 30. Bh6 Re8 31. Kc1 Re7 32. Kb2 Rf7 33. Rxf7 Kxf7
34. Bg5 Ke6 35. Bd8 d5 36. exd5+ Kxd5 37. h4 Kc6 38. b4 b5 39. axb5+ Kxb5 40.
Kb3 Kc6 41. c4 dxc3 42. Kxc3 b5 43. h5 Kd5 44. hxg6 hxg6 45. Be7 Nb6 46. Kd2
Ke6 47. Bc5 Nd5 48. Ke2 Nf4+ 49. Ke3 Nd5+ 50. Ke4 Nf6+ 51. Kf3 Kd5 52. Be7 Nd7
53. Ke3 Nb6 54. Bc5 Nd7 55. Be7 Nb8 56. Bc5 Na6 57. Be7 Nc7 58. Bc5 Ne6 59. Be7
Nd4 60. Bc5 Ne6 61. Be7 Nc7 62. Bc5 Ne8 63. Be7 Ke6 64. Bc5 Nf6 65. Kf3 Kd5 66.
Be7 Ng8 67. Bg5 Kd4 68. Ke2 Kc3 69. Bd2+ Kb3 70. Ke3 Nf6 71. g5 Ng4+ 72. Kf3
Kc2 73. Be1 Nh2+ 74. Kg2 Ng4 75. Kf3 Nh2+ 1/2-1/2

[Event "23. Erfurter Schachfestival 2013 / Haup"]
[Site "Erfurt"]
[Date "2013.12.30"]
[Round "8.7"]
[White "Werner, Bernd-Michael"]
[Black "Huebner, Silvio"]
[Result "1/2-1/2"]
[WhiteElo "2087"]
[BlackElo "1835"]
[PlyCount "139"]
[EventDate "2013.12.26"]
[EventRounds "8"]
[EventCountry "GER"]

1. e4 d5 2. exd5 Qxd5 3. Nc3 Qa5 4. d4 c6 5. Bc4 Nf6 6. Nge2 Bf5 7. O-O e6 8.
Bd2 Qc7 9. Ng3 Bg6 10. Bg5 Nbd7 11. Qd2 Bd6 12. Rae1 O-O 13. Kh1 h6 14. Bh4 Bf5
15. Qd1 Rfe8 16. Nce2 Nd5 17. Ng1 Bh7 18. N3e2 Bxh2 19. Bg3 Bxg3 20. Nxg3 N7f6
21. Qd2 Rad8 22. c3 a6 23. b4 e5 24. dxe5 Rxe5 25. Rxe5 Qxe5 26. Rc1 Ne4 27.
Nxe4 Qh5+ 28. Nh3 Bxe4 29. Kg1 Rd6 30. Re1 Qg6 31. f3 Bf5 32. g4 h5 33. Bxd5
Rxd5 34. Qh2 Rd8 35. Nf4 Qg5 36. Nxh5 Be6 37. Nf4 Bxa2 38. Qg3 Qf6 39. Ne2 Re8
40. Nd4 Rxe1+ 41. Qxe1 Bd5 42. Qe3 g6 43. Kh2 Qh4+ 44. Kg1 Qg3+ 45. Kh1 Qxg4
46. Qe8+ Kg7 47. Qxf7+ Bxf7 48. fxg4 Kh6 49. Kh2 Kg5 50. Kg3 Bd5 51. Nc2 b6 52.
Ne3 a5 53. c4 Be4 54. c5 axb4 55. cxb6 c5 56. Nc4 Bd5 57. Na5 Kf6 58. Kf4 g5+
59. Ke3 Ke6 60. b7 Bxb7 61. Nxb7 Kd5 62. Kd3 c4+ 63. Kc2 Ke5 64. Na5 Kf4 65.
Nxc4 Kxg4 66. Kb3 Kf4 67. Nd2 g4 68. Nf1 Ke4 69. Ng3+ Kf3 70. Nh5 1/2-1/2

[Event "23. Erfurter Schachfestival 2013 / Haup"]
[Site "Erfurt"]
[Date "2013.12.30"]
[Round "8.8"]
[White "Koerber, Christian"]
[Black "Haugk, Franko"]
[Result "1/2-1/2"]
[WhiteElo "1755"]
[BlackElo "1963"]
[PlyCount "37"]
[EventDate "2013.12.26"]
[EventRounds "8"]
[EventCountry "GER"]

1. Nf3 Nf6 2. d4 e6 3. e3 c5 4. b3 Nc6 5. Bd3 cxd4 6. exd4 d5 7. Bb2 Be7 8. O-O
O-O 9. Nbd2 Nb4 10. Be2 Bd7 11. a3 Nc6 12. Bd3 g6 13. Ne5 Ne8 14. Ndf3 Ng7 15.
c4 f5 16. Re1 Bf6 17. cxd5 exd5 18. Qd2 Nxe5 19. dxe5 1/2-1/2

[Event "23. Erfurter Schachfestival 2013 / Haup"]
[Site "Erfurt"]
[Date "2013.12.30"]
[Round "8.9"]
[White "Deubler, Bastian"]
[Black "Hattendorf, Jens"]
[Result "1/2-1/2"]
[WhiteElo "1923"]
[BlackElo "1994"]
[PlyCount "60"]
[EventDate "2013.12.26"]
[EventRounds "8"]
[EventCountry "GER"]

1. e4 e5 2. Nf3 Nc6 3. d4 exd4 4. Nxd4 Nf6 5. Nxc6 bxc6 6. e5 Qe7 7. Qe2 Nd5 8.
c4 Ba6 9. b3 g6 10. g3 Bg7 11. Bb2 d6 12. Bg2 O-O 13. O-O dxe5 14. Qd2 Nb4 15.
a3 Nd5 16. Qa5 Rab8 17. Qxa6 Rxb3 18. cxd5 Rxb2 19. Qxc6 e4 20. Nc3 e3 21. Rac1
exf2+ 22. Kh1 Bh6 23. Ne4 Bxc1 24. Qxc1 Rfb8 25. Qc3 Rb1 26. Nf6+ Kf8 27. Nxh7+
Kg8 28. Nf6+ Kf8 29. Nh7+ Kg8 30. Nf6+ Kf8 1/2-1/2

[Event "23. Erfurter Schachfestival 2013 / Haup"]
[Site "Erfurt"]
[Date "2013.12.30"]
[Round "8.10"]
[White "Budde, Michael"]
[Black "Siebarth, Marco"]
[Result "1/2-1/2"]
[WhiteElo "1841"]
[BlackElo "2045"]
[PlyCount "76"]
[EventDate "2013.12.26"]
[EventRounds "8"]
[EventCountry "GER"]

1. Nf3 d5 2. d4 c6 3. c4 Nf6 4. e3 e6 5. Nc3 Be7 6. Bd3 dxc4 7. Bxc4 b5 8. Bd3
a6 9. Ne2 Nbd7 10. O-O c5 11. b3 Bb7 12. Ng3 cxd4 13. Nxd4 h5 14. f3 h4 15. Ne4
Ne5 16. Nxf6+ gxf6 17. Be2 Qb6 18. f4 Nc6 19. Nxc6 Bxc6 20. Bf3 Rd8 21. Qe2 Bc5
22. Bxc6+ Qxc6 23. Bb2 h3 24. Rf3 Rg8 25. Rxh3 Rd3 26. Rc1 Qd5 27. Bd4 Be7 28.
Rc8+ Bd8 29. g4 Rxd4 30. exd4 Qxd4+ 31. Kg2 Qxf4 32. Rg3 Ke7 33. Qc2 Rxg4 34.
Qc5+ Ke8 35. Qc6+ Ke7 36. Qb7+ Ke8 37. Qc6+ Ke7 38. Qb7+ Ke8 1/2-1/2

[Event "23. Erfurter Schachfestival 2013 / Seni"]
[Site "Erfurt"]
[Date "2013.12.26"]
[Round "1.1"]
[White "Siegmund, Rainer"]
[Black "Knosowski, Hans Josef"]
[Result "1-0"]
[WhiteElo "2140"]
[BlackElo "1884"]
[PlyCount "59"]
[EventDate "2013.12.26"]
[EventRounds "5"]
[EventCountry "GER"]

1. d4 d5 2. c4 e6 3. Nc3 Nf6 4. cxd5 exd5 5. Bg5 Be7 6. e3 h6 7. Bh4 Bf5 8.
Bxf6 Bxf6 9. Qb3 Be6 10. Qxb7 Nd7 11. Qb3 c6 12. Bd3 O-O 13. Nge2 Rb8 14. Qc2
Qb6 15. Rb1 c5 16. O-O cxd4 17. exd4 Rfc8 18. Qd1 Qd6 19. Nb5 Qb6 20. Qa4 a6
21. Nbc3 Rc6 22. h3 Be7 23. a3 Rbc8 24. Nf4 Bf6 25. Nfxd5 Qb7 26. Be4 Bxd5 27.
Bxd5 Nb6 28. Bxc6 Rxc6 29. Qd1 Rd6 30. Qf3 1-0

[Event "23. Erfurter Schachfestival 2013 / Seni"]
[Site "Erfurt"]
[Date "2013.12.26"]
[Round "1.2"]
[White "Lueders, Guenter"]
[Black "Kroencke, Manfred"]
[Result "0-1"]
[WhiteElo "1892"]
[BlackElo "2053"]
[PlyCount "104"]
[EventDate "2013.12.26"]
[EventRounds "5"]
[EventCountry "GER"]

1. d4 d5 2. Nf3 Nf6 3. Bf4 c5 4. c3 Qb6 5. Qc2 Nc6 6. e3 cxd4 7. exd4 Bg4 8.
Nbd2 e6 9. Bd3 Be7 10. h3 Bh5 11. Rc1 Bg6 12. Bxg6 hxg6 13. O-O Rc8 14. Qb1 Nh5
15. Bh2 g5 16. Ne5 Nxe5 17. Bxe5 Bf6 18. Bh2 Nf4 19. Bxf4 gxf4 20. f3 g6 21.
Rfe1 Kf8 22. Nb3 Kg7 23. Kf1 Qb5+ 24. Re2 b6 25. Rd1 a5 26. Qd3 Qxd3 27. Rxd3
a4 28. Nd2 Rc7 29. Kg1 Ra8 30. a3 b5 31. Nf1 Rac8 32. Rd1 Rc6 33. Nh2 b4 34.
axb4 a3 35. bxa3 Rxc3 36. Ra2 Ra8 37. Ng4 Be7 38. Raa1 Raxa3 39. Rab1 Bd8 40.
b5 Bb6 41. Ne5 Ra2 42. Nd7 Bd8 43. Rdc1 Rxc1+ 44. Rxc1 Rb2 45. Rc8 Bf6 46. Rb8
(46. Nxf6) 46... Bxd4+ 47. Kf1 Rf2+ 48. Ke1 Rxg2 49. b6 Rb2 50. b7 Ba7 51. Ra8
Rxb7 52. Ne5 Rc7 0-1